La debilidad de creer
Zapisane w:
| 1. autor: | |
|---|---|
| Format: | Książka |
| Język: | hiszpański |
| Wydane: |
Buenos Aires
Katz Editores
2006
|
| Wydanie: | 1a. ed |
| Seria: | Conocimiento, 3001
|
| Hasła przedmiotowe: | |
| Etykiety: |
Dodaj etykietę
Nie ma etykietki, Dołącz pierwszą etykiete!
|
MARC
| LEADER | 00000cam a2200000 a 4500 | ||
|---|---|---|---|
| 001 | UCE4782 | ||
| 003 | CL-VaPUC | ||
| 008 | 141113e20060000ag |||||||||||||||||spa|d | ||
| 020 | |a 9871283008 | ||
| 082 | 0 | 4 | |a 274 |b CER |2 21 |
| 100 | 0 | |a Certeau, Michel de |e author |9 324794 | |
| 245 | 1 | 3 | |a La debilidad de creer |
| 250 | |a 1a. ed | ||
| 300 | |a 321 p | ||
| 942 | |c BK | ||
| 945 | |d 20141113 14:00:00 |a dcastane | ||
| 260 | |a Buenos Aires |b Katz Editores |c 2006 | ||
| 650 | 0 | |a Cristianismo |9 257361 | |
| 650 | 7 | |a CRISTIANISMO Y SOCIEDAD |2 CL-VaPUC |9 404460 | |
| 583 | |a last modification |c 20141113 14:00:00 |k Rodrigo Vera | ||
| 490 | 0 | |a Conocimiento, 3001 | |
| 999 | |c 357662 |d 357660 | ||
| 952 | |0 0 |1 0 |3 erb |4 0 |6 274_000000000000000_CER_2006 |7 0 |8 A |9 465693 |a BIBTEO |b BIBTEO |i 5122880 |o 274 CER 2006 |p 5122880 |r 2025-01-17 |w 2019-11-23 |y BK |z Catalogado en:20141113 |k ICR | ||